书目信息 |
| 题名: |
峨眉传奇马元祝
|
|
| 作者: | 吴纯光 著 ;陈晓丽 主编 ;中国风景园林学会 编 | |
| 分册: | ||
| 出版信息: | 北京 中央文献出版社 2014 |
|
| 页数: | 16, 344页 | |
| 开本: | 24cm | |
| 丛书名: | ||
| 单 册: | ||
| 中图分类: | I253.9 | |
| 科图分类: | ||
| 主题词: | 纪实文学--中国--当代 | |
| 电子资源: | ||
| ISBN: | 978-7-5073-4039-6 | |
| 000 | 01221nam0 2200301 450 | |
| 001 | 338209 | |
| 005 | 20150601145351.09 | |
| 010 | @a978-7-5073-4039-6@dCNY48.00 | |
| 100 | @a20140723d2014 em y0chiy50 ea | |
| 101 | 0 | @achi |
| 102 | @aCN@b110000 | |
| 105 | @aa z 000zy | |
| 106 | @ar | |
| 200 | 1 | @a峨眉传奇马元祝@Ae mei chuan qi ma yuan zhu@e一位看山人在世界遗产保护和利用方面的成功探索 |
| 210 | @a北京@c中央文献出版社@d2014 | |
| 215 | @a16, 344页@c照片@d24cm | |
| 314 | @a版权页题:吴纯光著 | |
| 314 | @a主编:陈晓丽 | |
| 314 | @a封面题:中国风景园林学会编 | |
| 330 | @a本书讲述了为一位肝移植患者的精彩人生, 内容包括: 当之无愧——他用燃烧的生命铸就了峨眉山的辉煌, 秀美峨山——四季峨眉都是令人心醉的美妙画卷, 巨变前夜——清代中晚期以后的峨眉山逐渐衰落等。 | |
| 517 | 1 | @a一位看山人在世界遗产保护和利用方面的成功探索@Ayi wei kan shan ren zai shi jie yi chan bao hu he li yong fang mian de cheng gong tan suo |
| 606 | 0 | @a纪实文学@y中国@z当代 |
| 690 | @aI253.9@v5 | |
| 701 | 0 | @a吴纯光@Awu chun guang@4著 |
| 702 | 0 | @a陈晓丽@Achen xiao li@c(城市规划)@4主编 |
| 712 | 02 | @a中国风景园林学会@Azhong guo feng jing yuan lin xue hui@4编 |
| 801 | 0 | @aCN@b卓展宏图@c20150525 |
| 905 | @dI253.9@e869@f4 | |
| 峨眉传奇马元祝:一位看山人在世界遗产保护和利用方面的成功探索.-北京:中央文献出版社,2014 |
| 16, 344页:照片;24cm |
| ISBN 978-7-5073-4039-6:CNY48.00 |
| 本书讲述了为一位肝移植患者的精彩人生, 内容包括: 当之无愧——他用燃烧的生命铸就了峨眉山的辉煌, 秀美峨山——四季峨眉都是令人心醉的美妙画卷, 巨变前夜——清代中晚期以后的峨眉山逐渐衰落等。 |
| ● |
| 相关链接 |
|
|
|
|
正题名:峨眉传奇马元祝
索取号:I253.9/869
 
预约/预借
| 序号 | 登录号 | 条形码 | 馆藏地/架位号 | 状态 | 备注 |
| 1 | 861267 | 208612679 | 第一样本阅览室/ [索取号:I253.9/869] | 在馆 | |
| 2 | 861268 | 208612688 | 第二借阅区/ [索取号:I253.9/869] | 在馆 | |
| 3 | 861269 | 208612697 | 第二借阅区/ [索取号:I253.9/869] | 在馆 | |
| 4 | 861270 | 208612704 | 第二借阅区/ [索取号:I253.9/869] | 在馆 |